<?xml version="1.0" encoding="UTF-8"?>
<record
    xmlns:xsi="http://www.w3.org/2001/XMLSchema-instance"
    xsi:schemaLocation="http://www.loc.gov/MARC21/slim http://www.loc.gov/standards/marcxml/schema/MARC21slim.xsd"
    xmlns="http://www.loc.gov/MARC21/slim">

  <leader>02935nam a22004937a 4500</leader>
  <controlfield tag="003">PE-LiUPU</controlfield>
  <controlfield tag="005">20250731180158.0</controlfield>
  <controlfield tag="008">220914b        |||||||| |||| 00| 0 spa d</controlfield>
  <datafield tag="020" ind1=" " ind2=" ">
    <subfield code="a">9788498807196</subfield>
    <subfield code="q">Universitat Polit&#xE8;cnica de Catalunya</subfield>
    <subfield code="z">978-84-988071-9-6</subfield>
    <subfield code="q">Universitat Polit&#xE8;cnica de Catalunya</subfield>
  </datafield>
  <datafield tag="040" ind1=" " ind2=" ">
    <subfield code="a">PE-LiUPU</subfield>
    <subfield code="b">spa</subfield>
    <subfield code="c">PE-LiUPU</subfield>
    <subfield code="e">rda</subfield>
  </datafield>
  <datafield tag="082" ind1=" " ind2=" ">
    <subfield code="2">23</subfield>
    <subfield code="a">549.2</subfield>
    <subfield code="b">S238e</subfield>
  </datafield>
  <datafield tag="100" ind1="1" ind2=" ">
    <subfield code="a">Sanz i Balagu&#xE9;, Joaquim</subfield>
    <subfield code="e">autor</subfield>
    <subfield code="4">aut</subfield>
  </datafield>
  <datafield tag="240" ind1="1" ind2="0">
    <subfield code="a">Elements i recursos minerals</subfield>
    <subfield code="l">Espa&#xF1;ol</subfield>
  </datafield>
  <datafield tag="245" ind1="1" ind2="0">
    <subfield code="a">Elementos y recursos minerales :</subfield>
    <subfield code="b">aplicaciones y reciclaje /</subfield>
    <subfield code="c">Joaquim Sanz Balagu&#xE9;, Oriol Tomasa Guix</subfield>
  </datafield>
  <datafield tag="250" ind1=" " ind2=" ">
    <subfield code="a">Primera edici&#xF3;n en espa&#xF1;ol</subfield>
  </datafield>
  <datafield tag="264" ind1=" " ind2="1">
    <subfield code="a">Barcelona :</subfield>
    <subfield code="b">Universitat Polit&#xE8;cnica de Catalunya, Barcelonatech ;</subfield>
    <subfield code="a">Manresa ;</subfield>
    <subfield code="b">Zenobita Edicions,</subfield>
    <subfield code="c">2018</subfield>
  </datafield>
  <datafield tag="300" ind1=" " ind2=" ">
    <subfield code="a">127 p&#xE1;ginas :</subfield>
    <subfield code="b">fotograf&#xED;as (color), gr&#xE1;ficos (color) ;</subfield>
    <subfield code="c">21 cent&#xED;metros</subfield>
  </datafield>
  <datafield tag="336" ind1=" " ind2=" ">
    <subfield code="a">Texto</subfield>
    <subfield code="2">rdacontent</subfield>
  </datafield>
  <datafield tag="337" ind1=" " ind2=" ">
    <subfield code="a">sin mediaci&#xF3;n</subfield>
    <subfield code="2">rdamedia</subfield>
  </datafield>
  <datafield tag="338" ind1=" " ind2=" ">
    <subfield code="a">volumen</subfield>
    <subfield code="2">rdacarrier</subfield>
  </datafield>
  <datafield tag="500" ind1=" " ind2=" ">
    <subfield code="a">En la portada: Museu de Geolog&#xED;a Valent&#xED; Masachs; GeoParc Mundial Unesco de la Catalunya Central</subfield>
  </datafield>
  <datafield tag="504" ind1=" " ind2=" ">
    <subfield code="a">Incluye referencias bibliogr&#xE1;ficas</subfield>
  </datafield>
  <datafield tag="505" ind1=" " ind2=" ">
    <subfield code="a">ELEMENTOS MINERALES &#x2013; Aluminio &#x2013; Antimonio &#x2013; Ars&#xE9;nico &#x2013; Azufre &#x2013; Bario &#x2013; Berilio &#x2013; Bismuto &#x2013; Boro &#x2013; Bromo &#x2013; Cadmio &#x2013; Calcio &#x2013; Carbono -- Carbono (Diamante) -- Carbono (Grafito) &#x2013; Cesio &#x2013; Cloro -- Cobalto &#x2013; Cobre -- Cromo &#x2013; Esta&#xF1;o &#x2013; Estroncio &#x2013; F&#xF3;sforo &#x2013; Fluor &#x2013; Galio &#x2013; Germanio &#x2013; Hafnio &#x2013; Hierro &#x2013; Indio &#x2013; Iridio &#x2013; L&#xED;tio &#x2013; Magnesio &#x2013; Manganeso &#x2013; Mercurio &#x2013; Molibdeno &#x2013; Niobio &#x2013; Niquel &#x2013; Oro &#x2013; Osmio &#x2013; Paladio &#x2013; Plata &#x2013; Platino &#x2013; Plomo &#x2013; Potasio &#x2013; Radio &#x2013; Renio &#x2013; Rodio &#x2013; Rubidio &#x2013; Rutenio &#x2013; Selenio &#x2013; Silicio -- Sodio &#x2013; Talio &#x2013; T&#xE1;ntalo &#x2013; Tecnecio &#x2013; Telurio &#x2013; Titanio &#x2013; Torio &#x2013; Tungsteno &#x2013; Uranio &#x2013; Vanadio &#x2013; Yodo &#x2013; Zinc &#x2013; Zirconio
TIERRAS RARAS &#x2013; Cerio &#x2013; Disprosio &#x2013; Erbio &#x2013; Escandio &#x2013; Europio &#x2013; Gadolinio &#x2013; Holmio &#x2013; Iterbio &#x2013; Itrio &#x2013; Lantano &#x2013; Lutecio &#x2013; Neodimio &#x2013; Praseodimio &#x2013; Prometio &#x2013; Samario &#x2013; Terbio -- Tulio
MINERALES INDUSTRIALES &#x2013; Calcita &#x2013; Caolinita &#x2013; Carnalita &#x2013; Corindon &#x2013; Cuarzo -- Dolomita &#x2013; Epsomita &#x2013; Feldespato &#x2013; Fosforita &#x2013; Halita &#x2013; Magnesita &#x2013; Mica &#x2013; Sepiolita &#x2013; Silvita &#x2013; Talco &#x2013; Thenardita &#x2013; Wollastonita &#x2013; Yeso &#x2013; Zeolitas.
</subfield>
  </datafield>
  <datafield tag="526" ind1=" " ind2=" ">
    <subfield code="a">SEG44</subfield>
  </datafield>
  <datafield tag="526" ind1=" " ind2=" ">
    <subfield code="a">SEG26</subfield>
  </datafield>
  <datafield tag="526" ind1=" " ind2=" ">
    <subfield code="a">P159</subfield>
  </datafield>
  <datafield tag="526" ind1=" " ind2=" ">
    <subfield code="a">P155</subfield>
  </datafield>
  <datafield tag="526" ind1=" " ind2=" ">
    <subfield code="a">P154</subfield>
  </datafield>
  <datafield tag="526" ind1=" " ind2=" ">
    <subfield code="a">P153</subfield>
  </datafield>
  <datafield tag="526" ind1=" " ind2=" ">
    <subfield code="a">P150</subfield>
  </datafield>
  <datafield tag="526" ind1=" " ind2=" ">
    <subfield code="a">P100</subfield>
  </datafield>
  <datafield tag="526" ind1=" " ind2=" ">
    <subfield code="a">P31</subfield>
  </datafield>
  <datafield tag="526" ind1=" " ind2=" ">
    <subfield code="a">P30</subfield>
  </datafield>
  <datafield tag="526" ind1=" " ind2=" ">
    <subfield code="a">P26</subfield>
  </datafield>
  <datafield tag="526" ind1=" " ind2=" ">
    <subfield code="a">P25</subfield>
  </datafield>
  <datafield tag="526" ind1=" " ind2=" ">
    <subfield code="a">P24</subfield>
  </datafield>
  <datafield tag="526" ind1=" " ind2=" ">
    <subfield code="a">P22</subfield>
  </datafield>
  <datafield tag="526" ind1=" " ind2=" ">
    <subfield code="a">P15</subfield>
  </datafield>
  <datafield tag="526" ind1=" " ind2=" ">
    <subfield code="a">P10</subfield>
  </datafield>
  <datafield tag="650" ind1=" " ind2="7">
    <subfield code="a">Minerales</subfield>
    <subfield code="x">Aplicaciones industriales</subfield>
    <subfield code="2">embne</subfield>
  </datafield>
  <datafield tag="700" ind1="1" ind2=" ">
    <subfield code="a">Tomasa Guix, Oriol</subfield>
    <subfield code="e">autor</subfield>
    <subfield code="4">aut</subfield>
  </datafield>
  <datafield tag="942" ind1=" " ind2=" ">
    <subfield code="2">ddc</subfield>
    <subfield code="c">BOOK</subfield>
    <subfield code="n">0</subfield>
  </datafield>
  <datafield tag="980" ind1=" " ind2=" ">
    <subfield code="6">18226</subfield>
    <subfield code="a">Jaime Vilcaz&#xE1;n</subfield>
    <subfield code="8">1</subfield>
    <subfield code="g">ALBERTO SANCHEZ Responsable de Automatizaci&#xF3;n</subfield>
  </datafield>
  <datafield tag="999" ind1=" " ind2=" ">
    <subfield code="c">61566</subfield>
    <subfield code="d">61566</subfield>
  </datafield>
  <datafield tag="952" ind1=" " ind2=" ">
    <subfield code="r">2025-12-02 00:00:00</subfield>
    <subfield code="i">1</subfield>
    <subfield code="l">0</subfield>
    <subfield code="o">549.2 S238e</subfield>
    <subfield code="p">81115</subfield>
    <subfield code="t">e1</subfield>
    <subfield code="v">24.59</subfield>
    <subfield code="w">2022-09-14</subfield>
    <subfield code="x">FIA</subfield>
    <subfield code="y">BK</subfield>
    <subfield code="z">inventario-2023-12-13</subfield>
    <subfield code="1">0</subfield>
    <subfield code="2">ddc</subfield>
    <subfield code="5">0</subfield>
    <subfield code="7">0</subfield>
    <subfield code="8">GEN</subfield>
    <subfield code="f">P25</subfield>
    <subfield code="a">BUL</subfield>
    <subfield code="b">BUL</subfield>
    <subfield code="c">GEN</subfield>
    <subfield code="d">2022-08-23</subfield>
    <subfield code="e">LIBUN</subfield>
    <subfield code="g">19.59</subfield>
  </datafield>
</record>
